000 003340000a22001450004500
003 MACL
040 _aMACL
090 _c42636
_d42634
100 _aLal, B Suresh
245 _aRural Development IN The Era of Globalization
260 _bSerials Publications
_c2008
350 _a1295
650 _aSociology
942 _cBOOK
_k300/LAL
999 _c42185
_d42185